| 000 | 01518nam a2200253Ia 4500 | ||
|---|---|---|---|
| 001 | 15718 | ||
| 003 | GE_BSU | ||
| 008 | 181216s||||||||xx |||||||||||||| ||und|| | ||
| 040 | _cGE_BSU | ||
| 080 | _a821.353.1 | ||
| 100 | _aჭავჭავაძე, ი.(ილია, 1837-1907) | ||
| 245 | _aრჩეული ნაწარმოებები : 5 ტომად. ტ. 4 | ||
| 245 | _bპუბლიცისტური წერილები | ||
| 245 | _cტომი შეადგინეს სარგის ცაიშვილმა და გურამ გვერდწითელმა. სარედ. კოლ. გ.გვერდწითელი. რ.ინანიშვილი. გ. ფანჯიკიძე. და სხვ.. რედ. ნ. აბესაძე. მხატვ.ზ. ფორჩხიძე | ||
| 260 | _aთბილისი | ||
| 260 | _bსაბჭ. საქართველო | ||
| 260 | _c1987 | ||
| 300 | _a448 გვ.20სმ | ||
| 520 | _aშენიშვნები გვ.438-445 | ||
| 653 | _aერი და ისტორია; წერილები სახალხო განათლების საკითხებზე; ცხოვრება და კანონი; ახლობელნი და შორეულნი | ||
| 653 | _aპუბლიცისტური წერილები | ||
| 653 | _aრჩეული ნაწარმოებები | ||
| 942 | _cBK | ||
| 999 |
_c48816 _d48816 |
||